000 00492nam a2200193Ia 4500
005 20250326142618.0
008 250326s9999 xx 000 0 und d
037 _aTextbook
040 _aFMSL
_beng
_cFMSL
041 _aeng
_2eng
084 _qFMSL
100 _aBhole LM
_9746308
245 0 _aFicial Institutions and Market
_cBhole LM
250 _aed2
260 _aNew Delhi
_bNew Delhi, Tata McGraw Hill
_c1992
300 _a542p
942 _cTB
999 _c1295823
_d1295823